[Event "RUS-chT B2 corr"]
[Site "Russia"]
[Date "1996.??.??"]
[Round "?"]
[White "Basov, Aleksandr Nikolaevi"]
[Black "Usanov, Vyacheslav Yurievic"]
[Result "1/2-1/2"]
[WhiteElo "2510"]
[BlackElo "2414"]
[PlyCount "48"]
[EventDate "1996.??.??"]
[EventType "team-tourn (corr)"]
[EventRounds "18"]
[EventCountry "RUS"]
[SourceTitle "Corr 2011"]
[Source "ChessBase"]
[SourceDate "2010.08.31"]
[SourceVersion "1"]
[SourceVersionDate "2010.08.31"]
[SourceQuality "1"]

1. e4 c6 2. d4 d5 3. e5 Bf5 4. h4 c5 5. Nc3 Nc6 6. Nge2 Bd7 7. Be3 cxd4 8. Nxd4 Nxe5 9. Nxd5 e6 10. Nc3 a6 11. Bf4 Nc6 12. Bc4 Nf6 13. Nb3 Na5 14. Bd3 Nxb3 15. axb3 Bc6 16. 0-0 Be7 17. Qe2 Qd4 18. Qe3 Qxe3 19. Bxe3 Rc8 20. f3 Bd6 21. Rfd1 Ke7 22. Na4 Nd7 23. Nb6 Nxb6 24. Bxb6 Be5 1/2-1/2

[Event "RUS-chT B2 corr"]
[Site "Russia"]
[Date "1996.??.??"]
[Round "?"]
[White "Usanov, Vyacheslav Yurievic"]
[Black "Pavlov, Aleksandr Nikolaevi"]
[Result "1/2-1/2"]
[WhiteElo "2414"]
[BlackElo "2341"]
[PlyCount "33"]
[EventDate "1996.??.??"]
[EventType "team-tourn (corr)"]
[EventRounds "18"]
[EventCountry "RUS"]
[SourceTitle "Corr 2011"]
[Source "ChessBase"]
[SourceDate "2010.08.31"]
[SourceVersion "1"]
[SourceVersionDate "2010.08.31"]
[SourceQuality "1"]

1. c4 Nf6 2. Nf3 c5 3. Nc3 d5 4. cxd5 Nxd5 5. d4 g6 6. dxc5 Nxc3 7. Qxd8+ Kxd8 8. bxc3 Nd7 9. Be3 f6 10. Nd2 e5 11. Nb3 b6 12. cxb6 axb6 13. a4 Bb7 14. a5 Kc7 15. axb6+ Nxb6 16. Rxa8 Bxa8 17. f3 1/2-1/2